Diaspora-Morocco - Statistics

General Stats
  • This quiz has been taken 586 times
  • The average score is 18 of 22
Answer Stats
Number of immigrants Continent Country % Correct
1.541.000 Europe France
99%
792.198 Europe Spain
98%
113.544 North America United States of America
96%
100.000 North America Canada
94%
546.424 Europe Italy
94%
140.000 Europe Germany
93%
63.000 Africa Algeria
92%
392.000 Europe the Netherlands
92%
530.000 Europe Belgium
91%
70.000 Europe United Kingdom
88%
18.000 Africa Egypt
87%
60.000 Asia Saudi Arabia
87%
9.500 Africa Tunisia
86%
100.000 Asia United Arab Emirates
86%
40.000 Europe Sweden
82%
30.000 Europe Norway
78%
9.000 Asia Qatar
74%
26.000 Europe Denmark
71%
50.000 Africa Libya
71%
7.270 Europe Switzerland
71%
800.000 Asia Israel
68%
7.000 Europe Ukraine
33%
No matching quizzes found
Score Distribution
Percent of People with Each Score
Percentile by Number Answered
Your Score History
You have not taken this quiz